000
00288nam a22001337a 4500
008
181102b xxu||||| |||| 00| 0 eng d
020
_a
9780534145927
041
_a
eng
080
_a
316
100
_a
50
101
_a
SOC
245
_a
Moral In Practice
_c
Sterba.J.P
942
_2
udc
_c
BK
999
_c
51627
_d
51627